| 000 | 00380cam a2200145ua 4500 | ||
|---|---|---|---|
| 041 |
_aeng _h |
||
| 082 |
_a629.2 _bNOB/TE |
||
| 100 | _aNoble, Dudley . | ||
| 245 |
_aTeach yourself motoring for beginners / _cDudley Noble. _hTextual Documents |
||
| 260 |
_aLondon : _bEnglish Universities Press , _c1960. |
||
| 300 | _a182 ; . | ||
| 504 | _a | ||
| 942 | _cBK | ||
| 999 |
_c9655 _d9655 |
||